| 000 | 00510nam a2200169Ia 4500 | ||
|---|---|---|---|
| 008 | 260520s2024 xx 000 0 und d | ||
| 020 | _a978-93-92803-57-4 | ||
| 041 | _amar | ||
| 082 | _a509/GOD | ||
| 100 | _aगोडबोले अच्युत | ||
| 245 | _aकिमयागार जीवशास्त्र | ||
| 250 | _a1st ed | ||
| 260 |
_aपुणे _bबुकगंगा पब्लिकेशन्स _c2024 |
||
| 300 | _a201p. | ||
| 500 | _aCat No: 15019 | ||
| 650 | _aSCIENCE | ||
| 999 |
_c1221825 _d1221825 |
||